[Event "Banff op"]
[Site "Banff"]
[Date "2022.11.13"]
[Round "5"]
[White "Wang, Paul"]
[Black "Doknjas, Neil"]
[Result "0-1"]
[WhiteElo "1988"]
[BlackElo "2027"]
[PlyCount "86"]
[EventDate "2022.11.11"]
[EventType "swiss"]
[EventRounds "6"]
[EventCountry "CAN"]
[SourceTitle "CBM 211 Extra"]
[Source "ChessBase"]
[SourceDate "2023.01.31"]
[SourceVersion "1"]
[SourceVersionDate "2023.01.31"]
[SourceQuality "1"]

1. e4 c6 2. Nc3 d5 3. Nf3 dxe4 4. Nxe4 Nf6 5. Nxf6+ exf6 6. d4 Bd6 7. Bd3 0-0 8. 0-0 Bg4 9. c3 Nd7 10. Bc2 Re8 11. Qd3 Nf8 12. Bd2 Bc7 13. Rfe1 Qd6 14. g3 Qd5 15. Nh4 g6 16. Bd1 Rxe1+ 17. Bxe1 Bxd1 18. Qxd1 Ne6 19. Bd2 f5 20. Qf3 Rd8 21. Qxd5 cxd5 22. f4 Ng7 23. Re1 Ne8 24. Nf3 Nd6 25. Re7 Rc8 26. Re5 Nc4 27. Rxd5 Nxb2 28. Rb5 Nc4 29. Rxb7 Bb6 30. Be1 Nd6 31. Rd7 Ne4 32. Kg2 Nxc3 33. a3 Ne4 34. a4 Nf6 35. Rb7 Rc2+ 36. Kg1 Rb2 37. Re7 Kf8 38. Re5 Ng4 39. Rb5 Rxb5 40. axb5 Ne3 41. Bb4+ Ke8 42. Kf2 Nd5 43. Ke2 Nxb4 0-1

[Event "Banff op"]
[Site "Banff"]
[Date "2022.11.12"]
[Round "4"]
[White "Bai, Jinghui"]
[Black "Wang, Paul"]
[Result "0-1"]
[WhiteElo "1843"]
[BlackElo "1988"]
[PlyCount "130"]
[EventDate "2022.11.11"]
[EventType "swiss"]
[EventRounds "6"]
[EventCountry "CAN"]
[SourceTitle "CBM 211 Extra"]
[Source "ChessBase"]
[SourceDate "2023.01.31"]
[SourceVersion "1"]
[SourceVersionDate "2023.01.31"]
[SourceQuality "1"]

1. c4 c6 2. g3 d5 3. cxd5 cxd5 4. d4 Nf6 5. Nc3 Bf5 6. Bg2 e6 7. Bf4 Bd6 8. Bxd6 Qxd6 9. e3 0-0 10. Nge2 Nc6 11. 0-0 Rac8 12. Qd2 Rfd8 13. Rfd1 h6 14. Nf4 a6 15. Nd3 Bxd3 16. Qxd3 b5 17. Rac1 Qb4 18. a4 Qxb2 19. axb5 Nb4 20. Qb1 Qa3 21. Ne2 axb5 22. Rc5 Rxc5 23. dxc5 Rc8 24. Rc1 Nd7 25. Rc3 Qa4 26. Rb3 Na6 27. Nc3 Qa5 28. Nxb5 Naxc5 29. Rb2 Rb8 30. Bf1 Ne4 31. Qc1 Ne5 32. Nd4 Rxb2 33. Qxb2 Qe1 34. Qe2 Qc1 35. Qb5 Nc4 36. Kg2 Qd2 37. Qb8+ Kh7 38. Qf4 Nxf2 39. Kg1 Nxe3 40. Nf3 Nxf1 41. Nxd2 Nh3+ 42. Kxf1 Nxf4 43. gxf4 Kg6 44. Kf2 Kf5 45. Kf3 g5 46. fxg5 hxg5 47. Nf1 g4+ 48. Ke3 e5 49. Ng3+ Kg5 50. Ne2 f5 51. Nc1 f4+ 52. Kf2 Kf5 53. Ke2 e4 54. Nb3 Ke5 55. Nc5 f3+ 56. Kf2 d4 57. Kg3 e3 58. h4 f2 59. Kg2 g3 60. Nd3+ Kf5 61. Nc1 d3 62. Nxd3 e2 63. Nxf2 e1Q 64. Kxg3 Qe3+ 65. Kg2 Qf4 0-1

[Event "Banff op"]
[Site "Banff"]
[Date "2022.11.12"]
[Round "3"]
[White "Wang, Paul"]
[Black "Xie, Tao"]
[Result "1-0"]
[WhiteElo "1988"]
[BlackElo "1843"]
[PlyCount "113"]
[EventDate "2022.11.11"]
[EventType "swiss"]
[EventRounds "6"]
[EventCountry "CAN"]
[SourceTitle "CBM 211 Extra"]
[Source "ChessBase"]
[SourceDate "2023.01.31"]
[SourceVersion "1"]
[SourceVersionDate "2023.01.31"]
[SourceQuality "1"]

1. e4 e6 2. d4 d5 3. Nc3 Nf6 4. e5 Nfd7 5. f4 c5 6. Nf3 Nc6 7. Be3 a6 8. Qd2 b5 9. dxc5 Bxc5 10. Bxc5 Nxc5 11. Nd4 Qb6 12. 0-0-0 b4 13. Nce2 Ne4 14. Qe1 0-0 15. Nxc6 Qxc6 16. Nd4 Qa4 17. Kb1 Rb8 18. Nb3 Bb7 19. Bd3 Rfc8 20. g4 Qe8 21. Qxb4 Nf2 22. Qd4 Nxh1 23. Rxh1 Qd8 24. h4 a5 25. f5 a4 26. Nc5 Qb6 27. Nxe6 Qxd4 28. Nxd4 Re8 29. Re1 Ra8 30. Bb5 Re7 31. e6 fxe6 32. fxe6 Bc8 33. Bc6 Ra5 34. b4 axb3 35. axb3 Rc5 36. b4 Rc4 37. Nf5 Rxb4+ 38. Kc1 Rxe6 39. Bxd5 Rbb6 40. Nd4 Kf7 41. Nxe6 Bxe6 42. Bxe6+ Rxe6 43. Rxe6 Kxe6 44. Kd2 Kd5 45. Kd3 g6 46. c4+ Ke5 47. g5 Ke6 48. Kd4 Kf5 49. c5 Kg4 50. c6 Kxh4 51. c7 Kxg5 52. c8Q h5 53. Ke4 Kh4 54. Kf3 g5 55. Qd8 Kh3 56. Qxg5 h4 57. Qg2# 1-0

[Event "Banff op"]
[Site "Banff"]
[Date "2022.11.11"]
[Round "2"]
[White "Koperski, Dustin"]
[Black "Wang, Paul"]
[Result "0-1"]
[WhiteElo "1802"]
[BlackElo "1988"]
[PlyCount "90"]
[EventDate "2022.11.11"]
[EventType "swiss"]
[EventRounds "6"]
[EventCountry "CAN"]
[SourceTitle "CBM 211 Extra"]
[Source "ChessBase"]
[SourceDate "2023.01.31"]
[SourceVersion "1"]
[SourceVersionDate "2023.01.31"]
[SourceQuality "1"]

1. e4 e5 2. Nf3 Nc6 3. d4 exd4 4. Nxd4 Bb4+ 5. c3 Bc5 6. Be3 Bb6 7. Nxc6 bxc6 8. Bxb6 axb6 9. Bc4 Ne7 10. 0-0 0-0 11. Qf3 d5 12. exd5 cxd5 13. Rd1 Be6 14. Bb3 Qc8 15. h3 c5 16. Nd2 Rd8 17. a3 Nc6 18. Qh5 g6 19. Qh6 Ne7 20. Bc2 Nf5 21. Bxf5 Bxf5 22. Nf3 f6 23. Rd2 Ra7 24. Rad1 Rad7 25. Qf4 Kg7 26. Nh2 Qc6 27. Ng4 Bxg4 28. Qxg4 f5 29. Qf3 Qe6 30. Re2 Qf6 31. Red2 d4 32. cxd4 cxd4 33. Qb3 Qc6 34. Qb4 Qc5 35. Qxc5 bxc5 36. Kf1 c4 37. Rc1 Rc8 38. Rcd1 d3 39. Rc1 Kf6 40. f4 Ke6 41. g3 Kd5 42. Rxd3+ cxd3 43. Rxc8 Re7 44. Rc1 Kd4 45. b4 d2 0-1

[Event "Banff op"]
[Site "Banff"]
[Date "2021.11.13"]
[Round "3"]
[White "Wu, Charles"]
[Black "Wang, Paul"]
[Result "0-1"]
[WhiteElo "1779"]
[BlackElo "1962"]
[PlyCount "92"]
[EventDate "2021.11.12"]
[EventType "swiss"]
[EventRounds "6"]
[EventCountry "CAN"]
[SourceTitle "CBM 205 Extra"]
[Source "ChessBase"]
[SourceDate "2022.01.31"]
[SourceVersion "1"]
[SourceVersionDate "2022.01.31"]
[SourceQuality "1"]

1. d4 d5 2. Bf4 Nf6 3. e3 e6 4. Nd2 c5 5. c3 Nc6 6. Ngf3 Bd6 7. Bg3 0-0 8. Bd3 b6 9. Ne5 Bb7 10. f4 Ne7 11. Qb1 h6 12. Bh4 Nd7 13. Bxe7 Qxe7 14. Ndf3 Bxe5 15. fxe5 f5 16. 0-0 c4 17. Bc2 b5 18. b3 cxb3 19. Qxb3 a5 20. a4 Nb6 21. axb5 Nc4 22. Rfe1 g5 23. Re2 f4 24. exf4 Rxf4 25. Nd2 Qf7 26. Nxc4 dxc4 27. Qxc4 Rf8 28. h3 g4 29. Qd3 gxh3 30. Qxh3 Rf1+ 31. Rxf1 Qxf1+ 32. Kh2 Qxe2 33. Qxe6+ Rf7 34. Bh7+ Kf8 35. Qxh6+ Ke8 36. Qe6+ Kd8 37. Qd6+ Kc8 38. Qc5+ Kb8 39. Qd6+ Ka7 40. Qc5+ Ka8 41. d5 Rxh7+ 42. Kg3 Qd3+ 43. Kf4 Rf7+ 44. Kg4 Qf5+ 45. Kh4 Qf4+ 46. Kh5 Rf5+ 0-1

[Event "Banff op"]
[Site "Banff"]
[Date "2019.11.11"]
[Round "6"]
[White "Findlay, Ian T"]
[Black "Wang, Paul"]
[Result "1-0"]
[WhiteElo "2230"]
[BlackElo "1732"]
[PlyCount "55"]
[EventDate "2019.11.09"]
[EventType "swiss"]
[EventRounds "6"]
[EventCountry "CAN"]
[SourceTitle "CBM 193 Extra"]
[Source "ChessBase"]
[SourceDate "2020.01.31"]
[SourceVersion "1"]
[SourceVersionDate "2020.01.31"]
[SourceQuality "1"]

1. e4 e5 2. Nf3 Nc6 3. Bb5 Nf6 4. 0-0 Nxe4 5. d4 Nd6 6. dxe5 Nxb5 7. a4 Nbd4 8. Nxd4 Nxd4 9. Qxd4 d5 10. exd6 Qxd6 11. Qe3+ Be6 12. Nc3 a6 13. Rd1 Qc6 14. Rd3 Be7 15. Nb5 0-0 16. Nd4 Bc5 17. Nxc6 Bxe3 18. Ne7+ Kh8 19. Bxe3 c6 20. a5 Rfe8 21. Bc5 h6 22. f4 g6 23. Bd4+ Kh7 24. Bf6 h5 25. h3 Rab8 26. b3 b6 27. Nxc6 Rbc8 28. Nd4 1-0

[Event "Canadian op"]
[Site "Regina"]
[Date "2019.07.17"]
[Round "8"]
[White "Wei, Daniel"]
[Black "Wang, Paul"]
[Result "1-0"]
[WhiteElo "1840"]
[BlackElo "1902"]
[PlyCount "57"]
[EventDate "2019.07.12"]
[EventType "swiss"]
[EventRounds "9"]
[EventCountry "CAN"]
[SourceTitle "EXT 2020"]
[Source "ChessBase"]
[SourceDate "2019.10.17"]
[SourceVersion "1"]
[SourceVersionDate "2019.10.17"]
[SourceQuality "1"]

1. e4 e5 2. Nf3 Nc6 3. d4 exd4 4. Nxd4 Bb4+ 5. c3 Bc5 6. Be3 Bb6 7. Nf5 g6 8. Bxb6 axb6 9. Ne3 Nf6 10. f3 d6 11. c4 Nh5 12. g3 Ng7 13. Bg2 f5 14. 0-0 0-0 15. f4 fxe4 16. Bxe4 Nf5 17. Nd5 Nfe7 18. Nbc3 Nxd5 19. Bxd5+ Kg7 20. Re1 Qf6 21. Nb5 Qxb2 22. Nxc7 Rxa2 23. Rxa2 Qxa2 24. Ne8+ Kh6 25. Bxc6 bxc6 26. Qxd6 Rf7 27. Qd8 Rf5 28. g4 Qa5 29. Qh4+ 1-0

[Event "Canadian op"]
[Site "Regina"]
[Date "2019.07.16"]
[Round "7"]
[White "Wang, Paul"]
[Black "Einarsson, Ken"]
[Result "1-0"]
[WhiteElo "1902"]
[BlackElo "1682"]
[PlyCount "85"]
[EventDate "2019.07.12"]
[EventType "swiss"]
[EventRounds "9"]
[EventCountry "CAN"]
[SourceTitle "EXT 2020"]
[Source "ChessBase"]
[SourceDate "2019.10.17"]
[SourceVersion "1"]
[SourceVersionDate "2019.10.17"]
[SourceQuality "1"]

1. e4 c6 2. d4 d5 3. e5 Bf5 4. Nf3 e6 5. Be2 Nd7 6. Nbd2 c5 7. c3 cxd4 8. cxd4 Ne7 9. Nb3 Nc6 10. 0-0 Be7 11. Be3 0-0 12. Bd3 Bxd3 13. Qxd3 Rc8 14. a3 Na5 15. Nxa5 Qxa5 16. Nd2 Rc6 17. f4 Qb6 18. f5 exf5 19. Qxf5 Re6 20. b4 Nxe5 21. Rae1 g6 22. dxe5 Qxe3+ 23. Rxe3 gxf5 24. Rxf5 f6 25. Rg3+ Kh8 26. Nf3 fxe5 27. Rxe5 Rxe5 28. Nxe5 Bd6 29. Re3 a5 30. Nd3 axb4 31. axb4 Bc7 32. Re6 Bb8 33. b5 Kg7 34. Nc5 Bf4 35. g3 Kf7 36. gxf4 Rc8 37. Rh6 Kg7 38. Rb6 Rxc5 39. Rxb7+ Kg6 40. b6 Rb5 41. Rb8 Rb2 42. b7 Kf7 43. Rh8 1-0

[Event "Calgary op 11th"]
[Site "Calgary"]
[Date "2018.08.14"]
[Round "1"]
[White "Wang, Paul"]
[Black "Zhou, David"]
[Result "0-1"]
[WhiteElo "1622"]
[BlackElo "2079"]
[PlyCount "72"]
[EventDate "2018.08.14"]
[EventType "swiss"]
[EventRounds "9"]
[EventCountry "CAN"]
[SourceTitle "CBM 186 Extra"]
[Source "ChessBase"]
[SourceDate "2018.08.24"]
[SourceVersion "1"]
[SourceVersionDate "2018.08.24"]
[SourceQuality "1"]

1. e4 c5 2. Nf3 g6 3. d4 cxd4 4. Nxd4 Nf6 5. Nc3 Nc6 6. Be3 Bg7 7. Bc4 0-0 8. 0-0 Nxe4 9. Nxe4 d5 10. Nxc6 bxc6 11. Bd3 dxe4 12. Bxe4 Qa5 13. c3 Rb8 14. Qc2 c5 15. Rfd1 Be6 16. Bf4 Rbc8 17. Bd5 Bg4 18. f3 Bf5 19. Be4 Be6 20. Bd5 Bf5 21. Be4 Be6 22. Bd5 Bd7 23. Bg3 Ba4 24. b3 Bb5 25. Rac1 c4 26. Qe4 cxb3 27. Bxb3 Bf6 28. Be5 Bc6 29. Bd5 Bxe5 30. Bxc6 Qc5+ 31. Kh1 Rxc6 32. Rd5 Qa3 33. Rcd1 Bd6 34. g3 Rxc3 35. Kg2 Rd3 36. Qf4 Bxf4 0-1